Triple A : Así nació el terrorismo /
Guardado en:
| Autor Principal: | |
|---|---|
| Formato: | |
| Publicado: |
Argentina,
2006.
|
| Series: | Documenta
|
| Materias: | |
| Etiquetas: |
Agregar Etiqueta
Sin Etiquetas, Sea el primero en etiquetar este registro!
|
| LEADER | 01164ngm a22003255g 4500 | ||
|---|---|---|---|
| 001 | CEM.cems023012 | ||
| 008 | 130507s2006##################0###0#####d | ||
| 005 | 20241202153220.0 | ||
| 245 | 1 | 0 | |a Triple A : |b Así nació el terrorismo / |c Roman Lejtman. |
| 260 | |a Argentina, |c 2006. | ||
| 300 | |a 47'. | ||
| 490 | 0 | |a Documenta | |
| 500 | |a Consultar en ventanilla. | ||
| 505 | 0 | |a La figura de José López Rega y su llegada a Perón como secretario privado. Sus funciones en el Ministerio de Bienestar Social. La formación de la organización parapolicial. Sus crímenes y sus actores principales. | |
| 538 | |a Soporte: DVD - Formato: AVI - Color: Si - Grabación DRD 2012 | ||
| 590 | |a Identificación SIABUC: DVD Nº 27 | ||
| 100 | 1 | |a Lejtman, Roman | |
| 082 | 9 | 8 | |/ LEJ |
| 653 | |a HISTORIA | ||
| 653 | |a HISTORIA ARGENTINA | ||
| 653 | |a TRIPLE A | ||
| 653 | |a LOPEZ REGA | ||
| 653 | |a PERONISMO | ||
| 653 | |a TERRORISMO | ||
| 653 | |a TERRORISMO DE ESTADO | ||
| 653 | |a DOCUMENTAL | ||
| 653 | |a SERIE DE TELEVISION | ||
| 653 | |a NIVEL PRIMARIO | ||
| 653 | |a NIVEL SECUNDARIO | ||
| 859 | |a CEMS |b BIB. CEMS - Depto. Recursos Didacticos |h 982 |i LEJ |k DRD |p 1655.12 |t Ej.1 | ||
